Interet de l'étude des paramètres biochimiques dans la prise en charge des nouveaux cas suspects d'ulcère de buruli dans les communes de Lalo et d'Allada (Record no. 48153)

MARC details
000 -LEADER
fixed length control field 00688nam a22002057a 4500
003 - CONTROL NUMBER IDENTIFIER
control field 0
005 - DATE AND TIME OF LATEST TRANSACTION
control field 20160609170014.0
008 - FIXED-LENGTH DATA ELEMENTS--GENERAL INFORMATION
fixed length control field 101111t xxu||||| |||| 00| 0 eng d
040 ## - SOURCE DU CATALOGAGE
Original cataloging agency BUAC
Transcribing agency BEPAC
100 ## - VEDETTE PRINCIPALE - NOM DE PERSONNE
Personal name Agossou , Diane
9 (RLIN) 10738
130 ## - VEDETTE PRINCIPALE - TITRE UNIFORME
Language of a work fr
9 (RLIN) 10739
245 ## - TITLE STATEMENT
Title Interet de l'étude des paramètres biochimiques dans la prise en charge des nouveaux cas suspects d'ulcère de buruli dans les communes de Lalo et d'Allada
260 ## - PUBLICATION, DISTRIBUTION, ETC. (IMPRINT)
Place of publication, distribution, etc UAC-EPAC
Name of publisher, distributor, etc UAC-EPAC
Date of publication, distribution, etc 2007
300 ## - PHYSICAL DESCRIPTION
Extent VI-62p.
650 ## - SUBJECT ADDED ENTRY--TOPICAL TERM
Topical term or geographic name as entry element ULCERE
Topical term following geographic name as entry element BURULI
9 (RLIN) 10740
650 ## - SUBJECT ADDED ENTRY--TOPICAL TERM
Topical term or geographic name as entry element ALLADA
Topical term following geographic name as entry element PARAMETRE BIOCHIMIQUE
9 (RLIN) 10741
650 ## - SUBJECT ADDED ENTRY--TOPICAL TERM
Topical term or geographic name as entry element ULCERE
Topical term following geographic name as entry element COMMUNE DE LALO
9 (RLIN) 10742
700 ## - ADDED ENTRY--PERSONAL NAME
Personal name Agoundote , Hermione
9 (RLIN) 10743
942 ## - ADDED ENTRY ELEMENTS (KOHA)
Koha item type Thèse et Memoire
Holdings
Withdrawn status Lost status Damaged status Not for loan Location (home branch) Sublocation or collection (holding branch) Date acquired Source of acquisition Koha issues (times borrowed) Koha full call number Piece designation (barcode) Koha date last seen Copy number Price effective from Koha item type
        Bibliothèque Ecole Polytechnique d'Abomey-Calavi Bibliothèque Ecole Polytechnique d'Abomey-Calavi 11/11/2010 Dépot légal   27./ABM/AGO M16076EPAC 11/11/2010 1 11/11/2010 Thèse et Memoire
        Bibliothèque Ecole Polytechnique d'Abomey-Calavi Bibliothèque Ecole Polytechnique d'Abomey-Calavi 11/11/2010 Dépot légal   27./ABM/AGO M16077EPAC 11/11/2010 2 11/11/2010 Thèse et Memoire
        Bibliothèque Ecole Polytechnique d'Abomey-Calavi Bibliothèque Ecole Polytechnique d'Abomey-Calavi 11/11/2010 Dépot légal   27./ABM/AGO M16078EPAC 11/11/2010 3 11/11/2010 Thèse et Memoire


© 2008, Bibliothèques de l'Université d'Abomey-Calavi

04 BP 789 Cotonou, Tél. : +229 21 36 01 01, Fax : +229 21 35 06 32

Courriel : bu@bu.uac.bj